000 00490nam a2200181Ia 4500
003 OSt
005 20260106141546.0
008 210210b1956 xxu||||| |||| 00| 0 eng d
040 _cAL
041 _aKannada
082 _a859/1498
100 _aRAJARAV (V N)
_9155690
_dರಾಜಾ ರಾವ್ (ವಿ ಎನ್)
245 _aPremadarshi:
_bಪ್ರೇಮದರ್ಶಿ
260 _aBengaluru
_b-
_c1956
690 _aKannada Fiction
_9155691
906 _a022228
942 _2ddc
_cBK
999 _c146363
_d146363